Países com Mais Cavalos - Statistics

Estatísticas Gerais
  • Esse quiz foi jogado 3 581 vezes
  • A pontuação média é 7 de 10
Estatísticas das Respostas
# Cavalos Continente País % Correto
5.96 mi Américas Brasil
98%
10.5 mi Américas Estados Unidos
98%
3.67 mi Ásia China
93%
6.38 mi Américas México
90%
2.59 mi Américas Argentina
88%
1.58 mi Américas Colômbia
67%
4.09 mi Ásia Mongólia
54%
1.32 mi África Chade
47%
3.14 mi Ásia Cazaquistão
41%
2.15 mi África Etiópia
24%
Nenhum quiz correspondente encontrado
Distribuição das Pontuações
Porcentagem de Pessoas com Cada Pontuação
Percentil de Números Respondidos
Sua Pontuação Histórica
Você não jogou esse quiz